000 00761cam a22002652 4500
999 _c18306
_d18306
001 0000024841
003 OSt
005 20200715144313.0
008 140319s xx 000 0 eng d
020 _a1259251382
040 _aKABU
_cKABU
050 _aHD30.22
_b.B39 2017 c.1
100 1 _aBaye, Michael R.
245 1 0 _aManagerial economics and business strategy /
_cMichael R. Baye, Jeffrey T. Prince, Jay Squalli.
250 _a9th ed.
260 _aLondon :
_bMcGraw-Hill,
_c2017.
300 _axxvii, 548p.
650 0 _aManagerial economics.
650 0 _aStrategic planning.
700 1 _aPrince, Jeffrey T.
700 1 _aSqualli, Jay.
908 _a140319
942 _2lcc
_cBK